<?xml version="1.0" encoding="UTF-8"?>
<record
    xmlns:xsi="http://www.w3.org/2001/XMLSchema-instance"
    xsi:schemaLocation="http://www.loc.gov/MARC21/slim http://www.loc.gov/standards/marcxml/schema/MARC21slim.xsd"
    xmlns="http://www.loc.gov/MARC21/slim">

  <leader>00797nam a2200265 a 4500</leader>
  <controlfield tag="001">156335</controlfield>
  <controlfield tag="003">OSt</controlfield>
  <controlfield tag="005">20211001162357.0</controlfield>
  <controlfield tag="008">180824                ###          HIN  </controlfield>
  <datafield tag="020" ind1=" " ind2=" ">
    <subfield code="a">9783642275456</subfield>
  </datafield>
  <datafield tag="082" ind1=" " ind2=" ">
    <subfield code="a">518.63</subfield>
    <subfield code="b">S23A</subfield>
  </datafield>
  <datafield tag="100" ind1=" " ind2=" ">
    <subfield code="a">Stamov, Gani T.</subfield>
  </datafield>
  <datafield tag="245" ind1=" " ind2=" ">
    <subfield code="a">Almost periodic solutions of impulsive differential equations</subfield>
    <subfield code="c">by Gani T. Stamov</subfield>
  </datafield>
  <datafield tag="260" ind1=" " ind2=" ">
    <subfield code="a">Berlin</subfield>
    <subfield code="b">Springer-Verlag</subfield>
    <subfield code="c">2012</subfield>
  </datafield>
  <datafield tag="300" ind1=" " ind2=" ">
    <subfield code="a">xx, 217p.</subfield>
  </datafield>
  <datafield tag="490" ind1=" " ind2=" ">
    <subfield code="a">Lecture notes in mathematics</subfield>
    <subfield code="v">2047</subfield>
  </datafield>
  <datafield tag="653" ind1=" " ind2=" ">
    <subfield code="a">Differential equations--Numerical solutions</subfield>
  </datafield>
  <datafield tag="653" ind1=" " ind2=" ">
    <subfield code="a">Lyapunov functions</subfield>
  </datafield>
  <datafield tag="653" ind1=" " ind2=" ">
    <subfield code="a">Impulsive differential equations</subfield>
  </datafield>
  <datafield tag="653" ind1=" " ind2=" ">
    <subfield code="a">Almost periodic functions</subfield>
  </datafield>
  <datafield tag="653" ind1=" " ind2=" ">
    <subfield code="a">Mathematics</subfield>
  </datafield>
  <datafield tag="653" ind1=" " ind2=" ">
    <subfield code="a">Differential equations</subfield>
  </datafield>
  <datafield tag="653" ind1=" " ind2=" ">
    <subfield code="a">Functional equations</subfield>
  </datafield>
  <datafield tag="942" ind1=" " ind2=" ">
    <subfield code="2">ddc</subfield>
    <subfield code="c">BK</subfield>
  </datafield>
  <datafield tag="999" ind1=" " ind2=" ">
    <subfield code="c">18751</subfield>
    <subfield code="d">18751</subfield>
  </datafield>
  <datafield tag="952" ind1=" " ind2=" ">
    <subfield code="0">0</subfield>
    <subfield code="1">0</subfield>
    <subfield code="2">ddc</subfield>
    <subfield code="4">0</subfield>
    <subfield code="7">0</subfield>
    <subfield code="8">TXB</subfield>
    <subfield code="a">CURAJ</subfield>
    <subfield code="b">CURAJ</subfield>
    <subfield code="d">2018-08-24</subfield>
    <subfield code="e">MTH(P)</subfield>
    <subfield code="o">518.63 S23A</subfield>
    <subfield code="p">31240</subfield>
    <subfield code="q">2018-12-31</subfield>
    <subfield code="r">2020-09-02</subfield>
    <subfield code="w">2020-09-02</subfield>
    <subfield code="y">BK</subfield>
  </datafield>
</record>
